[Event "PRO League Group Stage"]
[Site "chess.com INT"]
[Date "2018.01.25"]
[Round "2"]
[White "Gorovets, Andrey"]
[Black "Ruiz Castillo, Joshua Daniel"]
[Result "1/2-1/2"]
[WhiteTitle "GM"]
[BlackTitle "IM"]
[WhiteElo "2517"]
[BlackElo "2368"]
[WhiteTeam "Dallas Destiny"]
[BlackTeam "Rio Grande Ospreys"]
[WhiteFideId "13504037"]
[BlackFideId "4400704"]
[EventDate "2018.01.18"]

1. d4 Nf6 2. c4 e6 3. Nc3 Bb4 4. g3 O-O 5. Bg2 c5 6. Nf3 cxd4 7. Nxd4 Nc6 8. O-O
a6 9. Bf4 d5 10. cxd5 exd5 11. Rc1 h6 12. Na4 Bd7 13. a3 Be7 14. Nxc6 Bxc6 15.
Be3 Ne4 16. Nb6 Rb8 17. Bd4 Bg5 18. e3 Re8 19. a4 Be7 20. Qe1 Bd6 21. Qa5 Bc7
22. Rfd1 Bxa4 23. Qxa4 Bxb6 24. Qb3 Bxd4 25. Rxd4 Qf6 26. f3 Ng5 27. f4 Ne6 28.
Rxd5 Qe7 29. Qa3 Qxa3 30. bxa3 Rec8 31. Rxc8+ Rxc8 32. Rd7 Nc5 33. Rd6 Kf8 34.
Rb6 Ke7 35. Bd5 Rc7 36. e4 Kd8 37. Kf2 Kc8 38. Ke3 Nd7 39. Rb3 Nf6 40. Kd4 b5
41. e5 Nxd5 42. Kxd5 Kd7 43. f5 Rc1 44. Rd3 Ke7 45. g4 Rc8 46. h4 Rc4 47. Rd4
Rc8 48. a4 Rd8+ 49. Ke4 Rxd4+ 50. Kxd4 bxa4 51. h5 Kf8 52. Kc3 g6 53. Kb4 gxh5
54. gxh5 Ke7 55. Kxa4 Kd7 56. Ka5 Kc6 57. Kxa6 Kd5 58. e6 fxe6 59. fxe6 Kxe6 60.
Kb5 Kf5 61. Kc4 Kg5 62. Kd3 Kxh5 63. Ke2 Kg4 64. Kf1 Kg3 65. Kg1 h5 66. Kh1 h4
67. Kg1 1/2-1/2

[Event "PRO League Group Stage"]
[Site "chess.com INT"]
[Date "2018.01.25"]
[Round "2"]
[White "Wang, Yue"]
[Black "Abrahamyan, Tatev"]
[Result "0-1"]
[WhiteTitle "GM"]
[BlackTitle "WGM"]
[WhiteElo "2690"]
[BlackElo "2332"]
[WhiteTeam "Chengdu Pandas"]
[BlackTeam "San Diego Surfers"]
[WhiteFideId "8601429"]
[BlackFideId "13301918"]
[EventDate "2018.01.18"]

1. d4 Nf6 2. Bf4 e6 3. e3 Be7 4. Nd2 O-O 5. Ngf3 c5 6. c3 cxd4 7. exd4 b6 8. a4
a6 9. Bd3 Bb7 10. O-O d6 11. h3 Nbd7 12. Bh2 Qc7 13. Re1 Rfe8 14. c4 Bf8 15. a5
bxa5 16. Qa4 e5 17. Bc2 exd4 18. Nxd4 Nc5 19. Qa3 Qb6 20. N4b3 Nce4 21. Nxe4
Nxe4 22. Bxe4 Bxe4 23. Re3 d5 24. c5 Qg6 25. Rg3 Qf6 26. Nxa5 Rac8 27. b4 d4 28.
Nc4 d3 29. Re3 Qd4 30. Nd2 Bg6 31. Rae1 Rxe3 32. fxe3 Qh4 33. Nf3 Qc4 34. Rc1
Qe4 35. Bf4 Rc6 36. Ne5 d2 37. Rf1 Qc2 38. Qa1 Rc8 39. Nxg6 hxg6 40. Qd4 a5 41.
Qd7 Ra8 42. bxa5 Bxc5 43. Kh2 Rxa5 44. Qd8+ Bf8 45. Bd6 d1=Q 46. Qxf8+ Kh7 47.
Rxf7 Qc3 48. Bf4 Qca1 49. Bh6 Qg1+ 50. Kg3 Qae1+ 51. Kg4 Ra4+ 52. Kf3 Qef2# 0-1

[Event "PRO League Group Stage"]
[Site "chess.com INT"]
[Date "2018.01.25"]
[Round "2"]
[White "Wang, Yue"]
[Black "Dreev, Aleksey"]
[Result "1-0"]
[WhiteTitle "GM"]
[BlackTitle "GM"]
[WhiteElo "2690"]
[BlackElo "2653"]
[WhiteTeam "Chengdu Pandas"]
[BlackTeam "San Diego Surfers"]
[WhiteFideId "8601429"]
[BlackFideId "4100107"]
[EventDate "2018.01.18"]

1. d4 d5 2. Nf3 c5 3. c4 cxd4 4. cxd5 Nf6 5. Nxd4 Nxd5 6. e4 Nb4 7. Qa4+ N8c6 8.
Nxc6 Nxc6 9. Be2 g6 10. O-O Bg7 11. Rd1 Qa5 12. Qxa5 Nxa5 13. Bb5+ Nc6 14. Nc3
Bd7 15. Be3 Bxc3 16. bxc3 O-O-O 17. f3 Be6 18. Rdb1 Rd7 19. a4 f6 20. a5 Rc7 21.
a6 b6 22. c4 Rd8 23. Bxb6 axb6 24. c5 bxc5 25. Bxc6 Ra7 26. Bb7+ Kc7 27. Ra5 Rd2
28. Rxc5+ Kd8 29. Rbc1 Ke8 30. R5c2 Rd6 31. Rc6 Kd7 32. Rxd6+ Kxd6 33. Rc6+ Kd7
34. Kf2 Bb3 35. Ke3 Ba4 36. Rc5 Kd6 37. Kd4 Bd1 38. Rc6+ Kd7 39. Kc5 Be2 40. Kb6
Rxa6+ 41. Bxa6 Bxa6 42. Rc2 Bf1 43. Rf2 Bc4 44. Kc5 Be6 45. Rb2 Ke8 46. e5 Kf7
47. exf6 Kxf6 48. Kd4 Kf7 49. Ke5 Bc4 50. f4 h6 51. g4 Bd3 52. f5 h5 53. Rb7 Kf8
54. f6 exf6+ 55. Kxf6 Kg8 56. g5 Kh8 57. Rg7 1-0

[Event "PRO League Group Stage"]
[Site "chess.com INT"]
[Date "2018.01.25"]
[Round "2"]
[White "Zherebukh, Yaroslav"]
[Black "Robson, Ray"]
[Result "0-1"]
[WhiteTitle "GM"]
[BlackTitle "GM"]
[WhiteElo "2636"]
[BlackElo "2645"]
[WhiteTeam "Saint Louis Arch Bishops"]
[BlackTeam "Webster Windmills"]
[WhiteFideId "14116804"]
[BlackFideId "2023970"]
[EventDate "2018.01.18"]

1. Nf3 d5 2. g3 c6 3. Bg2 Bg4 4. O-O e6 5. d4 Bd6 6. c4 Nd7 7. Qb3 Rb8 8. Nbd2
Ngf6 9. Re1 Qa5 10. h3 Bh5 11. c5 Bc7 12. e4 Bxf3 13. Bxf3 b6 14. cxb6 Bxb6 15.
Qd1 Bxd4 16. Nb3 Rxb3 17. axb3 Bxf2+ 18. Kxf2 Qxa1 19. e5 Ng8 20. Qd4 Ne7 21.
Be3 Qa6 22. Qb4 c5 23. Bxc5 Nc6 24. Qc3 Nxc5 25. Qxc5 Qb6 26. Qxb6 axb6 27. Ra1
Kd7 28. Be2 Nxe5 29. Ke3 Rc8 30. Ra6 Rc2 31. Rxb6 d4+ 32. Kxd4 Rxe2 0-1

[Event "PRO League Group Stage"]
[Site "chess.com INT"]
[Date "2018.01.25"]
[Round "2"]
[White "Zherebukh, Yaroslav"]
[Black "Shimanov, Aleksandr"]
[Result "0-1"]
[WhiteTitle "GM"]
[BlackTitle "GM"]
[WhiteElo "2636"]
[BlackElo "2641"]
[WhiteTeam "Saint Louis Arch Bishops"]
[BlackTeam "Webster Windmills"]
[WhiteFideId "14116804"]
[BlackFideId "4198603"]
[EventDate "2018.01.18"]

1. Nf3 Nf6 2. c4 e6 3. d4 d5 4. Nc3 c5 5. cxd5 Nxd5 6. e3 cxd4 7. exd4 Nxc3 8.
bxc3 Qc7 9. Bd2 Nd7 10. Bd3 b6 11. O-O Bb7 12. Re1 Bd6 13. h4 O-O 14. h5 h6 15.
Qe2 Bf4 16. Ne5 Nxe5 17. Bxf4 Qc6 18. f3 Nxd3 19. Qxd3 Rac8 20. Bd2 Rfd8 21. a4
Rd5 22. Re5 Rxe5 23. dxe5 Qc5+ 24. Qd4 Qxd4+ 25. cxd4 Rc2 26. Be3 Bd5 27. a5 b5
28. Rc1 Ra2 29. Rc8+ Kh7 30. Rb8 Rxa5 31. Bd2 Ra2 32. Be1 a6 33. Kf1 a5 34. Kg1
b4 35. Rb5 b3 0-1

[Event "PRO League Group Stage"]
[Site "chess.com INT"]
[Date "2018.01.25"]
[Round "2"]
[White "Klein, David"]
[Black "Tan, Justin2"]
[Result "0-1"]
[WhiteTitle "GM"]
[BlackTitle "IM"]
[WhiteElo "2501"]
[BlackElo "2466"]
[WhiteTeam "Amsterdam Mosquitoes"]
[BlackTeam "London Lions"]
[WhiteFideId "1003623"]
[BlackFideId "3206882"]
[EventDate "2018.01.18"]

1. e4 e5 2. Nf3 Nc6 3. Nc3 Nf6 4. d4 exd4 5. Nxd4 Bb4 6. Nxc6 bxc6 7. Bd3 O-O 8.
O-O d5 9. exd5 cxd5 10. h3 c6 11. Qf3 Bd6 12. Bf4 Rb8 13. b3 Rb4 14. Bxd6 Qxd6
15. Qg3 Qxg3 16. fxg3 Be6 17. Rae1 h6 18. Na4 Nd7 19. Rf4 a5 20. c3 Rbb8 21. c4
g5 22. Rd4 c5 23. cxd5 cxd4 24. dxe6 fxe6 25. Rxe6 Rf6 26. Re7 Rd6 27. Bc4+ Kf8
28. Rf7+ Ke8 29. Rf5 d3 30. Nc3 d2 31. Nd1 Nb6 32. Be2 Nd5 33. Bh5+ Kd8 34. Bf3
Rb5 35. Kf2 Nc7 36. Rf8+ Ke7 37. Rh8 Re5 38. Ne3 Rd3 39. Nc4 Rxf3+ 40. gxf3 d1=Q
41. Rh7+ Kf6 42. Nxe5 Qc2+ 43. Ke3 Qxh7 0-1

[Event "PRO League Group Stage"]
[Site "chess.com INT"]
[Date "2018.01.25"]
[Round "2"]
[White "Klein, David"]
[Black "Le Roux, Jean-Pierre"]
[Result "1-0"]
[WhiteTitle "GM"]
[BlackTitle "GM"]
[WhiteElo "2501"]
[BlackElo "2554"]
[WhiteTeam "Amsterdam Mosquitoes"]
[BlackTeam "London Lions"]
[WhiteFideId "1003623"]
[BlackFideId "609404"]
[EventDate "2018.01.18"]

1. e4 g6 2. d4 Bg7 3. Nc3 d6 4. Be3 a6 5. f4 b5 6. Bd3 Nd7 7. e5 Bb7 8. Be4 Qc8
9. Qf3 Bxe4 10. Nxe4 Nb6 11. Ne2 Nh6 12. h3 O-O 13. O-O-O f6 14. e6 c6 15. g4
Qxe6 16. d5 Nxd5 17. Nd4 Qf7 18. f5 Nxe3 19. Qxe3 Qxa2 20. Ne6 Nf7 21. h4 Ne5
22. Qc3 gxf5 23. gxf5 Bh6+ 24. N4g5 Qa1+ 25. Kd2 Qa4 26. Rdg1 Qe4 27. Kd1 Kh8
28. Nxf8 Qd5+ 29. Ke2 Rxf8 30. Ne6 Qe4+ 31. Kd1 Ng4 32. Qd4 Ne3+ 33. Ke2 Qxc2+
34. Ke1 Qxf5 35. Nxf8 1-0

[Event "PRO League Group Stage"]
[Site "chess.com INT"]
[Date "2018.01.25"]
[Round "2"]
[White "Izzat, Kanan"]
[Black "Aleskerov, Faik"]
[Result "0-1"]
[WhiteTitle "IM"]
[WhiteElo "2487"]
[BlackElo "2315"]
[WhiteTeam "Australia Kangaroos"]
[BlackTeam "San Jose Hackers"]
[WhiteFideId "13405209"]
[BlackFideId "13401262"]
[EventDate "2018.01.18"]

1. d4 d5 2. c4 Bf5 3. Nc3 e6 4. cxd5 exd5 5. Bf4 c6 6. e3 Bd6 7. Nge2 Bxf4 8.
Nxf4 Nf6 9. h3 O-O 10. g4 Bc8 11. Bd3 Re8 12. Qc2 c5 13. g5 Ne4 14. Nxe4 dxe4
15. Bxe4 Qxg5 16. Bxh7+ Kh8 17. O-O-O Nc6 18. h4 Qh6 19. dxc5 Qxh7 20. Qb3 Bg4
21. Rdg1 Ne5 22. h5 Rac8 23. Ng6+ Kg8 24. f4 Nxg6 25. Rxg4 Rxc5+ 26. Kd2 Rxh5
27. Rhg1 Rh2+ 28. Ke1 Qh3 29. R1g3 Rh1+ 30. Kd2 Qf1 31. Rxg6 Rd8+ 32. Kc2 Qc1# 0-1

[Event "PRO League Group Stage"]
[Site "chess.com INT"]
[Date "2018.01.25"]
[Round "2"]
[White "Izzat, Kanan"]
[Black "Izoria, Zviad"]
[Result "0-1"]
[WhiteTitle "IM"]
[BlackTitle "GM"]
[WhiteElo "2487"]
[BlackElo "2599"]
[WhiteTeam "Australia Kangaroos"]
[BlackTeam "San Jose Hackers"]
[WhiteFideId "13405209"]
[BlackFideId "13601733"]
[EventDate "2018.01.18"]

1. d4 Nf6 2. Nf3 e6 3. g3 b5 4. Bg2 Bb7 5. O-O c5 6. Na3 Qb6 7. c4 b4 8. Nc2 d6
9. b3 Be7 10. Bb2 Nbd7 11. Ne3 cxd4 12. Nxd4 Bxg2 13. Kxg2 O-O 14. f3 Nc5 15.
Qd2 Rfc8 16. Rfd1 a6 17. Nec2 Rab8 18. e4 Qb7 19. Re1 Nfd7 20. Rad1 Ne5 21. Qe2
Bf8 22. f4 Ned7 23. Qf3 g6 24. Ba1 e5 25. fxe5 Nxe5 26. Qe2 f5 27. Kg1 Nxe4 28.
Ne6 Re8 29. Nxf8 Ng5 30. Bxe5 Nh3+ 0-1

[Event "PRO League Group Stage"]
[Site "chess.com INT"]
[Date "2018.01.25"]
[Round "2"]
[White "Cervantes Landeiro, Thalia"]
[Black "Fedoseev, Vladimir3"]
[Result "0-1"]
[WhiteTitle "WFM"]
[BlackTitle "GM"]
[WhiteElo "2128"]
[BlackElo "2724"]
[WhiteTeam "Webster Windmills"]
[BlackTeam "Saint Louis Arch Bishops"]
[WhiteFideId "3520498"]
[BlackFideId "24130737"]
[EventDate "2018.01.18"]

1. d4 Nf6 2. c4 e6 3. Nc3 c5 4. d5 d6 5. e4 g6 6. Bd3 Bg7 7. dxe6 fxe6 8. f4 Nc6
9. Nf3 O-O 10. O-O a6 11. Kh1 Nd4 12. Be3 Ng4 13. Bd2 Nxf3 14. gxf3 Nf6 15. Rg1
Nh5 16. f5 exf5 17. Bg5 Qe8 18. Nd5 f4 19. Nc7 Qc6 20. Nxa8 Be6 21. Qd2 Be5 22.
Rad1 Rxa8 23. Be2 Kg7 24. Be7 Bd4 25. Rg5 Qd7 26. Rxh5 Qxe7 27. Rd5 Bxd5 28.
cxd5 Qe5 29. b3 Bc3 30. Qc2 h5 31. Bf1 Bd4 32. Bh3 Kf6 33. Be6 Re8 34. Qg2 Re7
35. Qh3 Qg5 36. Qg2 Qxg2+ 37. Kxg2 Rc7 38. Kf1 b5 39. Ke2 Ke5 40. Kd3 c4+ 41.
bxc4 Rxc4 42. Bf7 Rc3+ 43. Ke2 Re3+ 44. Kd2 Rxf3 45. Bxg6 Rf2+ 46. Kd3 Rxh2 47.
Rd2 Rh3+ 48. Kc2 f3 49. Rd1 f2 50. Bf5 Ra3 51. Kb1 h4 52. Rf1 h3 53. Be6 h2 54.
Bf5 Rg3 0-1

[Event "PRO League Group Stage"]
[Site "chess.com INT"]
[Date "2018.01.25"]
[Round "2"]
[White "Cervantes Landeiro, Thalia"]
[Black "Zherebukh, Yaroslav"]
[Result "0-1"]
[WhiteTitle "WFM"]
[BlackTitle "GM"]
[WhiteElo "2128"]
[BlackElo "2636"]
[WhiteTeam "Webster Windmills"]
[BlackTeam "Saint Louis Arch Bishops"]
[WhiteFideId "3520498"]
[BlackFideId "14116804"]
[EventDate "2018.01.18"]

1. d4 e6 2. c4 b6 3. Nc3 Bb7 4. e3 f5 5. Nf3 Nf6 6. g3 Bb4 7. Bd2 O-O 8. Bg2 Qe7
9. O-O d6 10. a3 Bxc3 11. Bxc3 Nbd7 12. b4 a6 13. Re1 b5 14. cxb5 axb5 15. Qe2
Nb6 16. Qxb5 Ba6 17. Qc6 Rfb8 18. Nd2 Bb7 19. Qb5 Ba6 20. Qc6 Bd3 21. Bf1 Bxf1
22. Nxf1 Ne4 23. Bb2 d5 24. Qc2 Nc4 25. f3 Ned6 26. Nd2 Nxd2 27. Qxd2 g5 28. Qe2
Qg7 29. Rec1 g4 30. Rc6 gxf3 31. Qxf3 Qd7 32. Rc2 Kh8 33. Rac1 Rb7 34. Kg2 Rg8
35. Qf4 Rg7 36. Kh1 Kg8 37. Kg2 Rg4 38. Qf3 Ne4 39. Rc6 h5 40. Kh1 h4 41. gxh4
Qe7 42. R6c2 Qxh4 43. Rf1 Ng3+ 0-1

[Event "PRO League Group Stage"]
[Site "chess.com INT"]
[Date "2018.01.25"]
[Round "2"]
[White "Dragun, Kamil"]
[Black "Gorovets, Andrey"]
[Result "1-0"]
[WhiteTitle "GM"]
[BlackTitle "GM"]
[WhiteElo "2610"]
[BlackElo "2517"]
[WhiteTeam "Rio Grande Ospreys"]
[BlackTeam "Dallas Destiny"]
[WhiteFideId "1134167"]
[BlackFideId "13504037"]
[EventDate "2018.01.18"]

1. e4 d6 2. d4 Nf6 3. Nc3 e5 4. Nf3 Nbd7 5. Bc4 Be7 6. O-O O-O 7. Re1 c6 8. a4
a5 9. h3 Nb6 10. Ba2 Nfd7 11. Be3 exd4 12. Bxd4 Nc5 13. Qd2 Nbxa4 14. Nxa4 Nxa4
15. Qf4 c5 16. Be3 Nb6 17. Rad1 Be6 18. Bxe6 fxe6 19. Qg4 Qc8 20. Bg5 Bxg5 21.
Nxg5 Nc4 22. Nxe6 Rf7 23. f4 Qc6 24. b3 Nb6 25. Ng5 Rf6 26. e5 dxe5 27. fxe5 Rg6
28. e6 h6 29. e7 Re8 30. Rd8 hxg5 31. Qf3 Qc8 32. Qf8+ 1-0

[Event "PRO League Group Stage"]
[Site "chess.com INT"]
[Date "2018.01.25"]
[Round "2"]
[White "Dragun, Kamil"]
[Black "Holt, Conrad"]
[Result "1/2-1/2"]
[WhiteTitle "GM"]
[BlackTitle "GM"]
[WhiteElo "2610"]
[BlackElo "2578"]
[WhiteTeam "Rio Grande Ospreys"]
[BlackTeam "Dallas Destiny"]
[WhiteFideId "1134167"]
[BlackFideId "2034387"]
[EventDate "2018.01.18"]

1. Nf3 d5 2. b3 Bg4 3. Bb2 Nd7 4. g3 e6 5. Bg2 Ngf6 6. d3 Bd6 7. Nbd2 Qe7 8. h3
Bxf3 9. Bxf3 Ba3 10. Qc1 Bxb2 11. Qxb2 e5 12. e3 O-O 13. O-O a5 14. a3 Rfe8 15.
Bg2 h5 16. b4 h4 17. g4 Nb6 18. c4 axb4 19. axb4 c6 20. Rxa8 Rxa8 21. cxd5 Nfxd5
22. b5 Na4 23. Qa1 Nab6 24. Qb2 Na4 25. Qa1 Nab6 26. Qb2 Na4 1/2-1/2

[Event "PRO League Group Stage"]
[Site "chess.com INT"]
[Date "2018.01.25"]
[Round "2"]
[White "Holt, Conrad"]
[Black "Hevia Alejano, Carlos Antonio"]
[Result "1-0"]
[WhiteTitle "GM"]
[BlackTitle "GM"]
[WhiteElo "2578"]
[BlackElo "2488"]
[WhiteTeam "Dallas Destiny"]
[BlackTeam "Rio Grande Ospreys"]
[WhiteFideId "2034387"]
[BlackFideId "3508811"]
[EventDate "2018.01.18"]

1. d4 e6 2. c4 Nf6 3. Nc3 Bb4 4. Qc2 b6 5. e4 c5 6. a3 Bxc3+ 7. bxc3 d6 8. Bd3
Nc6 9. Ne2 Nd7 10. O-O Ba6 11. f4 Na5 12. f5 e5 13. f6 Nxf6 14. Bg5 h6 15. Bxf6
gxf6 16. Ng3 Rg8 17. Rf3 Rg6 18. dxe5 dxe5 19. Be2 Qc7 20. Rd1 Rd8 21. Rdf1 Qc6
22. h4 Rd6 23. Nf5 Rd7 24. h5 Rg5 25. Ne3 Rd6 26. Nd5 f5 27. Rxf5 Rxf5 28. Rxf5
Bxc4 29. Rxe5+ Kf8 30. Bf3 Re6 31. Rf5 Qd6 32. Nf4 Re8 33. e5 Qc7 34. Qc1 Kg7
35. Qe3 Bb3 36. Bd5 Bc2 37. Qg3+ Kh8 38. Rxf7 Qxe5 39. Rf8+ Rxf8 40. Ng6+ 1-0

[Event "PRO League Group Stage"]
[Site "chess.com INT"]
[Date "2018.01.25"]
[Round "2"]
[White "Holt, Conrad"]
[Black "Ruiz Castillo, Joshua Daniel"]
[Result "1-0"]
[WhiteTitle "GM"]
[BlackTitle "IM"]
[WhiteElo "2578"]
[BlackElo "2368"]
[WhiteTeam "Dallas Destiny"]
[BlackTeam "Rio Grande Ospreys"]
[WhiteFideId "2034387"]
[BlackFideId "4400704"]
[EventDate "2018.01.18"]

1. d4 Nf6 2. c4 e6 3. Nc3 Bb4 4. Qc2 O-O 5. e4 d5 6. e5 Ne4 7. Bd3 c5 8. Nf3
cxd4 9. Nxd4 Nd7 10. Bf4 Ndc5 11. O-O Bxc3 12. bxc3 Qh4 13. g3 Qh3 14. Be2 f6
15. f3 g5 16. fxe4 gxf4 17. Rxf4 fxe5 18. Rh4 Qxh4 19. gxh4 exd4 20. exd5 exd5
21. cxd4 Bf5 22. Qb2 Ne4 23. Rf1 Kh8 24. Kh1 Nd6 25. h3 Bxh3 26. Rxf8+ Rxf8 27.
Qa3 Re8 28. Qxd6 Rxe2 29. Qf8# 1-0

[Event "PRO League Group Stage"]
[Site "chess.com INT"]
[Date "2018.01.25"]
[Round "2"]
[White "Hjartarson, Johann"]
[Black "Ghasi, Ameet K"]
[Result "1-0"]
[WhiteTitle "GM"]
[BlackTitle "IM"]
[WhiteElo "2536"]
[BlackElo "2475"]
[WhiteTeam "Reykjavik Puffins"]
[BlackTeam "London Towers"]
[WhiteFideId "2300044"]
[BlackFideId "409200"]
[EventDate "2018.01.18"]

1. c4 g6 2. g3 Bg7 3. Bg2 Nf6 4. Nc3 O-O 5. Nf3 c6 6. d4 d5 7. Ne5 dxc4 8. Nxc4
Be6 9. Qd3 Na6 10. a3 Ng4 11. Be3 Nxe3 12. fxe3 Nc7 13. O-O Nd5 14. Rad1 Nb6 15.
Nxb6 axb6 16. e4 b5 17. e5 Qb6 18. Kh1 b4 19. axb4 Qxb4 20. Ne4 Bc4 21. Qd2 Qb5
22. Nc3 Qb6 23. Rf3 Rfd8 24. Qf4 Bb3 25. Rd2 Ra1+ 26. Bf1 Qb4 27. h4 h5 28. Kh2
Kh7 29. Ne4 Bh6 30. Ng5+ Kg7 31. Bh3 Rf8 32. g4 Bd5 33. Rc3 Bxg5 34. Qxg5 Rh8
35. gxh5 Rxh5 36. Qf4 Rh1+ 37. Kg3 Qa5 38. e4 Ba2 39. Rf2 Rxh3+ 40. Kxh3 Be6+
41. Kg3 Qb6 42. Rd2 Qa5 43. Qf2 1-0

[Event "PRO League Group Stage"]
[Site "chess.com INT"]
[Date "2018.01.25"]
[Round "2"]
[White "Hjartarson, Johann"]
[Black "Arkell, Keith C"]
[Result "1-0"]
[WhiteTitle "GM"]
[BlackTitle "GM"]
[WhiteElo "2536"]
[BlackElo "2411"]
[WhiteTeam "Reykjavik Puffins"]
[BlackTeam "London Towers"]
[WhiteFideId "2300044"]
[BlackFideId "400270"]
[EventDate "2018.01.18"]

1. c4 c5 2. Nc3 Nc6 3. g3 g6 4. Bg2 Bg7 5. a3 a6 6. Rb1 Rb8 7. b4 cxb4 8. axb4
b5 9. c5 a5 10. bxa5 Qxa5 11. Bb2 Qd8 12. Nf3 Qa5 13. O-O b4 14. Na4 Bxb2 15.
Rxb2 Ba6 16. d4 Nf6 17. Nb6 e6 18. Qb3 Rxb6 19. cxb6 Qxb6 20. Ra1 O-O 21. e3 d5
22. Ne5 Nxe5 23. dxe5 Ng4 24. Qxb4 Qxb4 25. Rxb4 Bc4 26. e4 Nxe5 27. exd5 exd5
28. Rd1 Nd3 29. Rb6 Rd8 30. Bf1 Ne5 31. Bxc4 Nxc4 32. Rc6 Ne5 33. Rc5 Re8 34.
Rcxd5 Kg7 35. Kg2 Ng4 36. h3 Nf6 37. Ra5 Re7 38. g4 h6 39. f3 g5 40. Rd2 Nh7 41.
Kg3 Nf8 42. h4 Ne6 43. Rb2 Rc7 44. Rb3 Rc2 45. Rb7 Rc8 46. Raa7 Rf8 47. Rb6 Re8
48. Rb5 Kg6 49. Rf5 Rf8 50. Ra6 Rb8 51. Ra7 Rf8 52. Kf2 gxh4 53. Rh5 Ng5 54.
Rxh4 Rb8 55. Ra3 Rb4 56. Kg3 Ne6 57. Rh2 Nf4 58. Ra6+ f6 59. Rd2 h5 60. Rdd6
hxg4 61. fxg4 Ne2+ 62. Kf3 Ng1+ 63. Kf2 Rxg4 64. Rxf6+ Kg7 65. Rh6 1-0

[Event "PRO League Group Stage"]
[Site "chess.com INT"]
[Date "2018.01.25"]
[Round "2"]
[White "Agrest, Evgenij"]
[Black "Skoberne, Jure"]
[Result "1-0"]
[WhiteTitle "GM"]
[BlackTitle "GM"]
[WhiteElo "2584"]
[BlackElo "2553"]
[WhiteTeam "Stockholm Snowballs"]
[BlackTeam "Ljubljana Turtles"]
[WhiteFideId "1705024"]
[BlackFideId "14604299"]
[EventDate "2018.01.18"]

1. d4 Nf6 2. Bf4 g6 3. e3 Bg7 4. Nf3 O-O 5. Be2 d6 6. h3 Nfd7 7. Bh2 e5 8. Nc3
Nc6 9. O-O f5 10. dxe5 dxe5 11. Bb5 Kh8 12. Qe2 Ncb8 13. Rfd1 c6 14. Bc4 Qe7 15.
a4 a5 16. Qd2 Nb6 17. Bb3 N8d7 18. Qd6 Qxd6 19. Rxd6 e4 20. Nd4 Ne5 21. Ne6 Bxe6
22. Rxe6 Nec4 23. Nd1 Rfe8 24. Rxe8+ Rxe8 25. c3 Be5 26. Bxe5+ Nxe5 27. Kf1 h5
28. Ke2 h4 29. f3 exf3+ 30. gxf3 Kg7 31. f4 Ned7 32. Bc2 Nd5 33. Kf3 Nc5 34. Rb1
Ne4 35. Bxe4 Rxe4 36. b3 Kf6 37. c4 Nb4 38. Nc3 Re6 39. e4 fxe4+ 40. Nxe4+ Kf5
41. Rg1 Re7 42. Rg5+ Ke6 43. Re5+ Kd7 44. Nc5+ Kd6 45. Rxe7 Kxe7 46. Nxb7 Kd7
47. Nxa5 c5 48. Nb7 Na6 49. Kg4 Kc7 50. Nxc5 Nxc5 51. Kxh4 Nxb3 52. Kg5 Nc5 53.
Kxg6 Nxa4 54. h4 Nb6 55. h5 Nxc4 56. h6 Nd6 1-0

[Event "PRO League Group Stage"]
[Site "chess.com INT"]
[Date "2018.01.25"]
[Round "2"]
[White "Agrest, Evgenij"]
[Black "Skuhala, Luka"]
[Result "1-0"]
[WhiteTitle "GM"]
[WhiteElo "2584"]
[BlackElo "2059"]
[WhiteTeam "Stockholm Snowballs"]
[BlackTeam "Ljubljana Turtles"]
[WhiteFideId "1705024"]
[BlackFideId "14605678"]
[EventDate "2018.01.18"]

1. d4 Nf6 2. Bf4 e6 3. e3 d5 4. Nf3 Bd6 5. Bg3 O-O 6. c4 dxc4 7. Bxc4 Bxg3 8.
hxg3 c5 9. Nc3 cxd4 10. Nxd4 a6 11. Bd3 Nbd7 12. Bc2 g6 13. g4 Qa5 14. Qd2 Nxg4
15. O-O-O Nde5 16. Qe2 Nf6 17. Rh4 Nc6 18. Rdh1 e5 19. Nxc6 bxc6 20. Qf3 Kg7 21.
Ne4 Bf5 22. Nxf6 Kxf6 23. e4 Qxa2 24. exf5 Qd5 25. Rxh7 Qxf3 26. gxf3 gxf5 27.
R1h5 f4 28. R7h6+ Kg7 29. Rxc6 Rae8 30. Rxa6 Rh8 31. Rxh8 Rxh8 32. Kd2 1-0

[Event "PRO League Group Stage"]
[Site "chess.com INT"]
[Date "2018.01.25"]
[Round "2"]
[White "Rosenthal, Nicholas"]
[Black "Lenderman, Aleksandr"]
[Result "0-1"]
[BlackTitle "GM"]
[WhiteElo "2169"]
[BlackElo "2611"]
[WhiteTeam "Miami Champions"]
[BlackTeam "Montclair Sopranos"]
[WhiteFideId "2045150"]
[BlackFideId "2021285"]
[EventDate "2018.01.18"]

1. e4 c5 2. Nf3 g6 3. Bc4 Bg7 4. O-O Nc6 5. c3 e6 6. d4 cxd4 7. cxd4 d5 8. exd5
exd5 9. Bb3 Nge7 10. Nc3 O-O 11. h3 Be6 12. Ne2 Nf5 13. Be3 Na5 14. Rc1 Nc4 15.
Bxc4 dxc4 16. Nf4 Bd5 17. a4 Re8 18. Nxd5 Qxd5 19. Qe2 Rac8 20. Rfd1 a6 21. a5
Rc6 22. Ne5 Bxe5 23. dxe5 Qxe5 24. Rxc4 Rxc4 25. Qxc4 Nxe3 26. fxe3 Qxe3+ 27.
Kh1 Qe2 28. Qd4 Qb5 29. b4 Qc6 30. Qb2 h5 31. Rf1 Qd5 32. Qc3 Re2 33. Rf3 Qe5
34. Qc8+ Kg7 35. Rf1 Re1 36. Qc4 Rxf1+ 37. Qxf1 h4 38. Qc4 g5 39. Kg1 Qe1+ 40.
Kh2 Qg3+ 41. Kh1 Qe5 42. Kg1 f6 43. Kh1 Qb5 44. Qc7+ Kg6 45. Qc2+ Kf7 46. Qb3+
Ke7 47. Qe3+ Kf7 48. Qb3+ Kg7 49. Kg1 Qc6 50. Kh1 Kf8 51. Qb2 Ke8 52. Kh2 Kd7
53. Kh1 Kc7 54. Qb3 Qc1+ 55. Kh2 Qf4+ 56. Kh1 Qf1+ 57. Kh2 Qf4+ 58. Kh1 Qe5 59.
Qc4+ Kd7 60. Qf7+ Kc6 61. Qc4+ Kd6 62. Qc8 Qe1+ 63. Kh2 Qe5+ 64. Kh1 Qb5 65.
Qf8+ Ke5 66. Qb8+ Kd4 67. Qd6+ Kc4 68. Qxf6 Kxb4 69. Qd8 Ka4 70. Qc7 Qf1+ 71.
Kh2 Qb5 72. Qc1 Kb4 73. Qd2+ Kc4 74. Qe2+ Kb4 75. Qd2+ Kb3 76. Qd1+ Kb2 77. Qd2+
Ka3 78. Qc3+ Ka4 79. Qc2+ Kxa5 80. Qd2+ Qb4 81. Qxg5+ b5 82. Qc1 Qd6+ 83. Kh1
Qd4 84. Qa3+ Kb6 85. Qf8 b4 86. Qb8+ Ka5 87. Qc7+ Kb5 88. Qb7+ Ka5 89. Qc7+ Ka4
90. Qc6+ Kb3 91. Qxa6 Kb2 92. Qe2+ Kc1 93. Kh2 Qd6+ 94. Kg1 Qd1+ 95. Kf2 Qxe2+
96. Kxe2 b3 0-1